00509nam a2200133Ia 4500008004100000024005900041082001700100100008100117245006700198260002600265600003400291650003300325999001700358260210s9999 xx 000 0 und d a15B-31-EL, 15B-149-EL, 15B-166-EL & 15B-252-EL a670.7072 MAD aMadiha Yhya Shaikh, Asad Noor Khan, Muhammad Mohsin khan & Unsa Iftikhar 0aSecure Communication Over Wireless Sensor Network Using Aduino aKarachi:bUITU,c2015 aTelecommunication Engineering aBachelor of Engineering (BE) c33595d33595